01064nam a2200217 i 450000100060000000300090000600500170001500700030003200800410003510000420007624501970011825000150031526001260033030000200045650501010047661000510057771000610062885200200068999900170070995201200072632921ES-MaACL20230906154650.0t|030131s1949 sp ||||1| spa d1 aBermúdez Plata, Cristóbal.92814910aCatálogo de documentos de la sección novena del Archivo General de Indias / credactado por el personal facultativo bajo la dirección del director del mismo Cristóbal Bermúdez Plata. a[1ª ed.]. aSevilla : bConsejo Superior de Investigaciones Científicas, Escuela de Estudios Hispano-Americanos de Sevilla, c1949. a1 v. ; c24 cm.8 aContiene: V. I: Series 1ª y 2ª: Santo Domingo, Cuba, Puerto Rico, Luisiana, Florida y México24aArchivo General de Indias-xCatálogos.914312 aEscuela de Estudios Hispano-Americanos (Sevilla)9134366 aES-MaACLjP-986 c32921d32921 00104070aATENEOMbATENEOMcDEPO2d2008-01-17eSCl0oP-986p1034191r2023-02-23 00:00:00w2023-02-23yMONOGRAFIA